Engineering mechanics 2: mechanics of materials (Record no. 9567)

MARC details
000 -LEADER
fixed length control field 00553nam a22002057a 4500
003 - CONTROL NUMBER IDENTIFIER
control field OSt
005 - DATE AND TIME OF LATEST TRANSACTION
control field 20251011103401.0
008 - FIXED-LENGTH DATA ELEMENTS--GENERAL INFORMATION
fixed length control field 251011b |||||||| |||| 00| 0 eng d
020 ## - INTERNATIONAL STANDARD BOOK NUMBER
International Standard Book Number 9783662562710
040 ## - CATALOGING SOURCE
Transcribing agency DDC
082 ## - DEWEY DECIMAL CLASSIFICATION NUMBER
Classification number 620.1 ENG 2018
100 ## - MAIN ENTRY--PERSONAL NAME
Personal name Gross, Dietmar; [et...al]
9 (RLIN) 19468
245 ## - TITLE STATEMENT
Title Engineering mechanics 2: mechanics of materials
250 ## - EDITION STATEMENT
Edition statement 2nd ed.
260 ## - PUBLICATION, DISTRIBUTION, ETC. (IMPRINT)
Place of publication, distribution, etc. Verlag;
Name of publisher, distributor, etc. Springer,
Date of publication, distribution, etc. 2018
300 ## - PHYSICAL DESCRIPTION
Extent ix,311p.; col.ill: 21cm
504 ## - BIBLIOGRAPHY, ETC. NOTE
Bibliography, etc Index included
650 ## - SUBJECT ADDED ENTRY--TOPICAL TERM
Topical term or geographic name as entry element Engineering mechanics
9 (RLIN) 12294
942 ## - ADDED ENTRY ELEMENTS (KOHA)
Source of classification or shelving scheme Other/Generic Classification Scheme
Koha item type Open Shelf
Holdings
Withdrawn status Lost status Source of classification or shelving scheme Damaged status Not for loan Home library Current library Date acquired Source of acquisition Inventory number Total Checkouts Full call number Barcode Date last seen Koha item type
    Dewey Decimal Classification     MUST Main Library MUST Main Library 11/10/2025 Purchase 25/42390   620.1 ENG 2018 2025-0125 11/10/2025 Open Shelf
    Dewey Decimal Classification     MUST Main Library MUST Main Library 11/10/2025 Purchase 25/42391   620.1 ENG 2018 2025-0126 11/10/2025 Open Shelf